Is there even a country that...? - Sudden Death - Statistics

General Stats
  • This quiz has been taken 394 times
  • The average score is 4 of 21
Answers on the Grid
Answers color-coded by a green-red scale on the quiz's grid according to % correct below.
...has more than a billion inhabitants
...begins with the letter Q
...has the capital city beginning with the letter Y
...has a non-square flag
...has no official capital
...has a greater population density than New York City
...borders at least 14 states
...is part of the European Union but not NATO
...has more than one million soldiers
...has more than 200,000 km of maritime coastline
...is landlocked
...has the same initial letter as the capital city
...faces at least 2 oceans
...joined the UN in the 21st century
...has hosted both the summer and winter Olympics
...has a capital city with a population of less than 500 people
...has a capital city below sea level
...has the color purple in its flag
...has no airports
...has at least 60 UNESCO sites
...is crossed by both the Alps and the Pyrenees
...is crossed by both the Equator and the Greenwich Meridian
...has won at least 6 World Cups in soccer
...borders both Germany and Romania
...has at least one million islands
...is crossed by at least 13 time zones
...begins with the letter X
...has the capital city beginning with the letter E
...has an average altitude above 3 000 m
...has the capital city furthest north of the Arctic Circle
...ends in “stan” but is not located in Asia
...has a capital of only 3 letters
...has a life expectancy of less than 30 years
...is crossed by both the Danube and Volga rivers
...has 4 capitals
...has won at least 2,000 gold medals at the Olympics
...has a flag with only one color
...has a surface area larger than the moon
...has a fertility rate of more than 8 children per woman
...has won at least 15 Academy Award for Best International Feature Film
...joined the European Union in 1946
...has a median age of at least 55 years old
 
Answer Stats
Answer % Correct
...is landlocked
38%
...faces at least 2 oceans
32%
...begins with the letter Q
31%
...has a non-square flag
31%
...has more than a billion inhabitants
27%
...has no airports
26%
...has a greater population density than New York City
24%
...has the same initial letter as the capital city
24%
...has hosted both the summer and winter Olympics
23%
...is part of the European Union but not NATO
21%
...joined the UN in the 21st century
21%
...is crossed by both the Alps and the Pyrenees
17%
...has the color purple in its flag
15%
...has a capital city below sea level
14%
...has more than one million soldiers
14%
...has the capital city beginning with the letter Y
14%
...has no official capital
13%
...borders at least 14 states
11%
...has a capital city with a population of less than 500 people
10%
...has at least 60 UNESCO sites
10%
...has more than 200,000 km of maritime coastline
10%
No matching quizzes found
Score Distribution
Percent of People with Each Score
Percentile by Number Answered
Your Score History
You have not taken this quiz